000 00301nam a22001337a 4500
008 181219b xxu||||| |||| 00| 0 eng d
020 _a0914797603
041 _aeng
080 _a721
100 _a45
101 _aNDE
245 _aBuilding Thr Healing Partership
_cTaner.P
942 _2udc
_cBK
999 _c53529
_d53529